| 000 | 01187nam a22002417a 4500 | ||
|---|---|---|---|
| 999 |
_c59532 _d59532 |
||
| 003 | Ge_BSU | ||
| 005 | 20230310155458.0 | ||
| 008 | 230310s2002 ge ||||| |||| 00| 0 geo d | ||
| 016 | _a | ||
| 020 | _a999289752X | ||
| 041 | _ageo | ||
| 080 | _a343(076.1) ხ-94 | ||
| 100 |
_aხუროშვილი, გია _917168 |
||
| 245 |
_aსისხლის სამართალი : _b ადამიანის წინააღმდეგ მიმართული დანაშაულები : ამოცანათა კრებული / _cგია ხუროშვილი; [რედ.: მზია ლეკვეიშვილი]. |
||
| 264 |
_aთბილისი : _bუნივერსალი, _c2002. |
||
| 300 |
_a128 გვ. ; _b20 სმ. |
||
| 504 | _aბიბლიოგრ.: გვ. 127-128. | ||
| 653 | _aსისხლის სამართალი | ||
| 653 | _aამოცანათა კრებულები. | ||
| 653 | _aმიმართული დანაშაული. | ||
| 700 |
_aლეკვეიშვილი, მზია _eრედაქტორი _917169 |
||
| 942 |
_2udc _cBK |
||